| 000 | 00856nam a2200253 a 4500 | ||
|---|---|---|---|
| 001 | 000024897 | ||
| 003 | DO-SdBNP | ||
| 005 | 20220824134349.0 | ||
| 008 | 110207s1974 ag r 000 0 spa d | ||
| 040 |
_aDO-SdBNP _bspa _cBNPHU |
||
| 041 | 1 | 7 |
_aspa _heng _2Código de idiomas MARC |
| 049 | _aBNGR | ||
| 082 |
_ann* _bnn* |
||
| 100 | 1 |
_aKrause, Walter. _951117 |
|
| 240 | 1 | 4 |
_aThe economy of Latin America. _lEspañol |
| 245 | 1 | 3 |
_aLa economía de America Latina / _cWalter Krause y otros ; traduccín de José Clementi. |
| 260 |
_aBuenos Aires : _bMarymar, _c1974. |
||
| 300 |
_a222 p. ; _c22 cm. |
||
| 500 | _aInclyte referencias bibliográficas y notas al pie de las páginas. | ||
| 504 | _aBibliografía : 219-222 p. | ||
| 534 |
_aTítulo original : _tThe economy of Latin America |
||
| 700 | 1 |
_aClementi, José, _etr. _941126 |
|
| 942 |
_2ddc _cLBS1 |
||
| 999 |
_c24390 _d24390 |
||